<?xml version="1.0" encoding="UTF-8"?>
<record
    xmlns:xsi="http://www.w3.org/2001/XMLSchema-instance"
    xsi:schemaLocation="http://www.loc.gov/MARC21/slim http://www.loc.gov/standards/marcxml/schema/MARC21slim.xsd"
    xmlns="http://www.loc.gov/MARC21/slim">

  <leader>01871nam0a2200349   4500</leader>
  <controlfield tag="001">RU\NLR\bibl\1430027</controlfield>
  <controlfield tag="005">20260405204418.0</controlfield>
  <datafield tag="010" ind1=" " ind2=" ">
    <subfield code="a">978-5-904431-06-8</subfield>
    <subfield code="9">500</subfield>
  </datafield>
  <datafield tag="021" ind1=" " ind2=" ">
    <subfield code="a">RU</subfield>
    <subfield code="b">2009-69429</subfield>
    <subfield code="9">4296</subfield>
  </datafield>
  <datafield tag="035" ind1=" " ind2=" ">
    <subfield code="a">(NLR Aleph) 001421939</subfield>
  </datafield>
  <datafield tag="090" ind1=" " ind2=" ">
    <subfield code="a">1348223</subfield>
    <subfield code="c">1348223</subfield>
  </datafield>
  <datafield tag="100" ind1=" " ind2=" ">
    <subfield code="a">20091026d2009    |||y0rusy50      ca</subfield>
  </datafield>
  <datafield tag="101" ind1="0" ind2=" ">
    <subfield code="a">rus</subfield>
    <subfield code="a">eng</subfield>
  </datafield>
  <datafield tag="102" ind1=" " ind2=" ">
    <subfield code="a">RU</subfield>
  </datafield>
  <datafield tag="105" ind1=" " ind2=" ">
    <subfield code="a">a   |||||||||</subfield>
  </datafield>
  <datafield tag="200" ind1="1" ind2=" ">
    <subfield code="a">&#x411;&#x438;&#x43B;&#x438;&#x43D;&#x433;&#x432;&#x430;&#x43B;&#x44C;&#x43D;&#x43E;&#x435; &#x43E;&#x431;&#x440;&#x430;&#x437;&#x43E;&#x432;&#x430;&#x43D;&#x438;&#x435; &#x434;&#x43E;&#x448;&#x43A;&#x43E;&#x43B;&#x44C;&#x43D;&#x438;&#x43A;&#x430; &#x432; &#x441;&#x438;&#x441;&#x442;&#x435;&#x43C;&#x435; &#x43F;&#x43E;&#x437;&#x43D;&#x430;&#x43D;&#x438;&#x44F; &#x43E;&#x43A;&#x440;&#x443;&#x436;&#x430;&#x44E;&#x449;&#x435;&#x433;&#x43E; &#x43C;&#x438;&#x440;&#x430;</subfield>
    <subfield code="e">&#x443;&#x447;&#x435;&#x431;&#x43D;&#x43E;&#x435; &#x43F;&#x43E;&#x441;&#x43E;&#x431;&#x438;&#x435;</subfield>
    <subfield code="f">&#x41C;.&#x418;. &#x411;&#x43E;&#x433;&#x43E;&#x43C;&#x43E;&#x43B;&#x43E;&#x432;&#x430;, &#x415;.&#x412;. &#x41A;&#x443;&#x437;&#x44C;&#x43C;&#x438;&#x43D;&#x430;, &#x41B;.&#x41C;. &#x428;&#x435;&#x441;&#x442;&#x430;&#x43A;&#x43E;&#x432;&#x430;, &#x410;.&#x418;.&#x41C;&#x44F;&#x437;&#x438;&#x43D;&#x430;</subfield>
    <subfield code="g">&#x410;&#x41D;&#x41E; &#x414;&#x41E; "&#x41F;&#x43B;&#x430;&#x43D;&#x435;&#x442;&#x430; &#x434;&#x435;&#x442;&#x441;&#x442;&#x432;&#x430; "&#x41B;&#x430;&#x434;&#x430;", &#x414;&#x435;&#x442;. &#x441;&#x430;&#x434; N&#xB0; 160 "&#x414;&#x443;&#x431;&#x440;&#x430;&#x432;&#x443;&#x448;&#x43A;&#x430;" (&#x433;. &#x422;&#x43E;&#x43B;&#x44C;&#x44F;&#x442;&#x442;&#x438;)</subfield>
  </datafield>
  <datafield tag="210" ind1=" " ind2=" ">
    <subfield code="a">&#x423;&#x43B;&#x44C;&#x44F;&#x43D;&#x43E;&#x432;&#x441;&#x43A;</subfield>
    <subfield code="c">&#x41A;&#x430;&#x447;&#x430;&#x43B;&#x438;&#x43D; &#x410;&#x43B;&#x435;&#x43A;&#x441;&#x430;&#x43D;&#x434;&#x440; &#x412;&#x430;&#x441;&#x438;&#x43B;&#x44C;&#x435;&#x432;&#x438;&#x447;</subfield>
    <subfield code="d">2009</subfield>
  </datafield>
  <datafield tag="215" ind1=" " ind2=" ">
    <subfield code="a">136 &#x441;., [11] &#x43B;. &#x438;&#x43B;., &#x446;&#x432;. &#x438;&#x43B;., &#x43D;&#x43E;&#x442;.</subfield>
    <subfield code="d">21</subfield>
  </datafield>
  <datafield tag="300" ind1=" " ind2=" ">
    <subfield code="a">&#x427;&#x430;&#x441;&#x442;&#x44C; &#x442;&#x435;&#x43A;&#x441;&#x442;&#x430; &#x43D;&#x430; &#x430;&#x43D;&#x433;&#x43B;. &#x44F;&#x437;.</subfield>
  </datafield>
  <datafield tag="320" ind1=" " ind2=" ">
    <subfield code="a">&#x411;&#x438;&#x431;&#x43B;&#x438;&#x43E;&#x433;&#x440;.: &#x441;. 135-136 (36 &#x43D;&#x430;&#x437;&#x432;.)</subfield>
  </datafield>
  <datafield tag="606" ind1="1" ind2=" ">
    <subfield code="a">&#x414;&#x43E;&#x448;&#x43A;&#x43E;&#x43B;&#x44C;&#x43D;&#x438;&#x43A;&#x438;</subfield>
    <subfield code="j">&#x423;&#x447;&#x435;&#x431;&#x43D;&#x44B;&#x435; &#x438;&#x437;&#x434;&#x430;&#x43D;&#x438;&#x44F;</subfield>
    <subfield code="x">&#x41E;&#x431;&#x443;&#x447;&#x435;&#x43D;&#x438;&#x435; &#x430;&#x43D;&#x433;&#x43B;&#x438;&#x439;&#x441;&#x43A;&#x43E;&#x43C;&#x443; &#x44F;&#x437;&#x44B;&#x43A;&#x443;</subfield>
    <subfield code="x">&#x418;&#x441;&#x43F;&#x43E;&#x43B;&#x44C;&#x437;&#x43E;&#x432;&#x430;&#x43D;&#x438;&#x435; &#x441;&#x442;&#x440;&#x430;&#x43D;&#x43E;&#x432;&#x435;&#x434;&#x447;&#x435;&#x441;&#x43A;&#x438;&#x445; &#x43C;&#x430;&#x442;&#x435;&#x440;&#x438;&#x430;&#x43B;&#x43E;&#x432;</subfield>
    <subfield code="9">2595323</subfield>
    <subfield code="3">RU\NLR\auth\661533492</subfield>
  </datafield>
  <datafield tag="686" ind1=" " ind2=" ">
    <subfield code="a">&#x427;411.382.5&#x44F;7</subfield>
  </datafield>
  <datafield tag="701" ind1=" " ind2="1">
    <subfield code="a">&#x411;&#x43E;&#x433;&#x43E;&#x43C;&#x43E;&#x43B;&#x43E;&#x432;&#x430;</subfield>
    <subfield code="b">&#x41C;. &#x418;.</subfield>
    <subfield code="g">&#x41C;&#x430;&#x440;&#x438;&#x44F; &#x418;&#x432;&#x430;&#x43D;&#x43E;&#x432;&#x43D;&#x430;</subfield>
    <subfield code="4">070</subfield>
  </datafield>
  <datafield tag="701" ind1=" " ind2="1">
    <subfield code="4">070</subfield>
    <subfield code="8">rus</subfield>
    <subfield code="7">ca</subfield>
    <subfield code="a">&#x41A;&#x443;&#x437;&#x44C;&#x43C;&#x438;&#x43D;&#x430;</subfield>
    <subfield code="b">&#x415;. &#x412;.</subfield>
    <subfield code="c">&#x43F;&#x435;&#x434;&#x430;&#x433;&#x43E;&#x433;-&#x43C;&#x435;&#x442;&#x43E;&#x434;&#x438;&#x441;&#x442;</subfield>
    <subfield code="g">&#x415;&#x43B;&#x435;&#x43D;&#x430; &#x412;&#x438;&#x43A;&#x442;&#x43E;&#x440;&#x43E;&#x432;&#x43D;&#x430;</subfield>
    <subfield code="3">RU\NLR\auth\7791705</subfield>
    <subfield code="9">74632</subfield>
  </datafield>
  <datafield tag="701" ind1=" " ind2="1">
    <subfield code="a">&#x428;&#x435;&#x441;&#x442;&#x430;&#x43A;&#x43E;&#x432;&#x430;</subfield>
    <subfield code="b">&#x41B;. &#x41C;.</subfield>
    <subfield code="g">&#x41B;&#x438;&#x434;&#x438;&#x44F; &#x41C;&#x438;&#x445;&#x430;&#x439;&#x43B;&#x43E;&#x432;&#x43D;&#x430;</subfield>
    <subfield code="4">070</subfield>
  </datafield>
  <datafield tag="701" ind1=" " ind2="1">
    <subfield code="a">&#x41C;&#x44F;&#x437;&#x438;&#x43D;&#x430;</subfield>
    <subfield code="b">&#x410;. &#x418;.</subfield>
    <subfield code="g">&#x410;&#x43D;&#x43D;&#x430; &#x418;&#x432;&#x430;&#x43D;&#x43E;&#x432;&#x43D;&#x430;</subfield>
    <subfield code="4">070</subfield>
  </datafield>
  <datafield tag="801" ind1=" " ind2="0">
    <subfield code="a">RU</subfield>
    <subfield code="b">NLR</subfield>
    <subfield code="c">20091026</subfield>
    <subfield code="g">RCR</subfield>
  </datafield>
  <datafield tag="801" ind1=" " ind2="1">
    <subfield code="a">RU</subfield>
    <subfield code="b">NLR</subfield>
    <subfield code="c">20091026</subfield>
  </datafield>
  <datafield tag="942" ind1=" " ind2=" ">
    <subfield code="c">BOOK</subfield>
  </datafield>
  <datafield tag="980" ind1=" " ind2=" ">
    <subfield code="a">NB</subfield>
  </datafield>
  <datafield tag="980" ind1=" " ind2=" ">
    <subfield code="a">NBR</subfield>
  </datafield>
  <datafield tag="995" ind1=" " ind2=" ">
    <subfield code="5">2009-10-26</subfield>
    <subfield code="a">ad</subfield>
    <subfield code="b">NLR01</subfield>
    <subfield code="c">NLR01</subfield>
    <subfield code="e">RF9</subfield>
    <subfield code="f">1-2244369</subfield>
    <subfield code="k">2009-3/34283</subfield>
    <subfield code="o">0</subfield>
    <subfield code="r">BOOK</subfield>
    <subfield code="s">2009334283_</subfield>
  </datafield>
  <datafield tag="995" ind1=" " ind2=" ">
    <subfield code="5">2009-11-30</subfield>
    <subfield code="a">ad</subfield>
    <subfield code="b">NLR01</subfield>
    <subfield code="c">NLR01</subfield>
    <subfield code="e">RF9</subfield>
    <subfield code="f">3052280</subfield>
    <subfield code="k">2009-3/34283</subfield>
    <subfield code="o">0</subfield>
    <subfield code="r">BOOK</subfield>
    <subfield code="s">2009334283_</subfield>
  </datafield>
</record>
